| 000 | 00868nam a22002297a 4500 | ||
|---|---|---|---|
| 999 |
_c9846 _d9846 |
||
| 003 | AR-CdUCM | ||
| 008 | 190328b ||||| |||| 00| 0 spa d | ||
| 040 |
_aMUNICIPALIDAD PROVINCIAL DEL CUSCO _cBIBLIOTECA MUNICIPAL DEL CUSCO |
||
| 041 | _heng | ||
| 082 |
_a323.2 / _bH97 / 1945 |
||
| 100 |
_aHuxley, Julian _926333 |
||
| 245 | _aVivimos una Revolución / | ||
| 260 |
_aBuenos Aires : _bSudamericana ; _c1945. |
||
| 300 |
_a321 páginas ; _c21cm |
||
| 440 |
_aColección Ciencia y Cultura _926334 |
||
| 505 | _aContenido: Vivimos una revolución -- El hombre económico y el hombre social -- La filosofía en un mundo en guerra -- La guerra como fenómeno biológico -- El darvinismo en la actualidad... | ||
| 650 |
_aRevolución _9679 |
||
| 650 |
_aGuerra _91007 |
||
| 700 |
_aHernani, Miguel de (traducción) _911186 |
||
| 942 |
_2ddc _cLIBROS |
||
| 945 | _anom | ||